<?xml version="1.0" encoding="UTF-8"?>
<marc:record xmlns:marc="http://www.loc.gov/MARC21/slim">
   <marc:leader>00000nam a2200000 a 4500</marc:leader>
   <marc:datafield ind1="1" ind2=" " tag="100">
      <marc:subfield code="a">Dusse, Karsten</marc:subfield>
      <marc:subfield code="4">aut</marc:subfield>
      <marc:subfield code="e">Verfasser/-in</marc:subfield>
   </marc:datafield>
   <marc:datafield ind1="0" ind2="0" tag="245">
      <marc:subfield code="a">Das Kind in mir will achtsam morden Nr.2</marc:subfield>
   </marc:datafield>
   <marc:datafield ind1="0" ind2="0" tag="245">
      <marc:subfield code="b">Roman</marc:subfield>
   </marc:datafield>
   <marc:datafield ind1=" " ind2="1" tag="264">
      <marc:subfield code="a">München</marc:subfield>
      <marc:subfield code="b">Wilhelm Heyne Verlag</marc:subfield>
      <marc:subfield code="c">2020</marc:subfield>
   </marc:datafield>
   <marc:datafield ind1="1" ind2=" " tag="520">
      <marc:subfield code="a">Björn Diemel hat die Prinzipien der Achtsamkeit erlernt, und mit ihrer Hilfe sein Leben verbessert. Er hat den stressigen Job gekündigt und sich selbstständig gemacht. Er verbringt mehr Zeit mit seiner Tochter und streitet sich in der Regel liebevoller mit seiner Frau. Ach ja, und nebenbei führt er noch ganz entspannt zwei Mafia-Clans, weil er den Chef des einen ermordet und den des anderen im Keller eines Kindergartens eingekerkert hat. Warum nur kann Björn das alles nicht genießen? Warum verliert er ständig die Beherrschung? Hat er das Morden einfach satt? Ganz so einfach ist es nicht. Sein Therapeut Joschka Breitner bringt ihn endlich auf die richtige Spur: Es liegt an Björns innerem Kind!</marc:subfield>
   </marc:datafield>
   <marc:datafield ind1=" " ind2=" " tag="020">
      <marc:subfield code="a">9783453424449</marc:subfield>
      <marc:subfield code="9">9783453424449</marc:subfield>
   </marc:datafield>
   <marc:datafield ind1=" " ind2=" " tag="041">
      <marc:subfield code="a">ger</marc:subfield>
   </marc:datafield>
   <marc:datafield ind1="0" ind2=" " tag="490">
      <marc:subfield code="v">2</marc:subfield>
   </marc:datafield>
   <marc:datafield ind1="1" ind2=" " tag="521">
      <marc:subfield code="a">0</marc:subfield>
   </marc:datafield>
</marc:record>
